000 00699nam a2200229Ia 4500
005 20241129104321.0
008 241129s9999||||xx |||||||||||||| ||und||
020 _a9780815362883
037 _aTextual
040 _aRTL
_beng
_cRTL
041 _aeng
_2eng
084 _aSigmab4 Q8
_qRTL
100 _aBurke Peter J.; Soffa Sara Jimenez
_9725720
245 0 _aElements of inquiry: Research and methods for a quality dissertation
_cBurke Peter J.; Soffa Sara Jimenez
250 _a2nd
260 _aLondon
_bRoutledge
_c2018
300 _axxi,325p.
365 _aINR
_b2771
650 _aResearch Methodology
_9237789
942 _cTB
_hSigmab4 Q8
999 _c1225361
_d1225361